00646 2200217 4500001002100000005001500021008004100036020001800077035002000095041000600115082001000121084001600131090001600147100002000163245006500183260003800248300003500286520007500321700001600396990001600412INLIS00000000000535720240901072751240901 g 0 ind  a979-489-382-X a0010-0322000133 ai a660.6 a660.6 NUG p a660.6 NUG p0 aNugroho, Arinto1 aPedoman Pelaksanaan Teknik kultur Jaringan /cArinto Nugroho aJakarta :bPenebar Swadaya,c2000 aviii + 70 hlm.; 14,6 x 20,5 cm aKultur jaringan merupakan teknik perbanyakan tanaman secara vegetatif.0 aHeru Sugito a351/STPP/00